<?xml version="1.0" encoding="UTF-8"?><collection xmlns="info:lc/xmlns/marcxchange-v2"><record format="Unimarc" type="bibliographic"><leader>00654cam  2200193   450 </leader><controlfield tag="001">2311586</controlfield><controlfield tag="003">http://id.bnportugal.gov.pt/bib/porbase/2311586</controlfield><controlfield tag="005">20061002161400.0</controlfield><datafield ind1=" " ind2=" " tag="010"><subfield code="a">0-226-74054-4</subfield></datafield><datafield ind1=" " ind2=" " tag="035"><subfield code="a">UCJPII_201.iso/10-12-2010/33040</subfield></datafield><datafield ind1=" " ind2=" " tag="035"><subfield code="a">183908</subfield></datafield><datafield ind1=" " ind2=" " tag="100"><subfield code="a">20020214d2001    km y0pory0103    ba</subfield></datafield><datafield ind1="0" ind2=" " tag="101"><subfield code="a">eng</subfield></datafield><datafield ind1=" " ind2=" " tag="102"><subfield code="a">US</subfield><subfield code="a">GB</subfield></datafield><datafield ind1="1" ind2=" " tag="200"><subfield code="a">Forgetfull of their sex</subfield><subfield code="e">female sanctity and society ca. 500-1100</subfield><subfield code="f">Jane Tibbetts Schulenburg</subfield></datafield><datafield ind1=" " ind2=" " tag="210"><subfield code="a">Chicago</subfield><subfield code="a">London</subfield><subfield code="c">The University of Chicago Press</subfield><subfield code="d">1998</subfield></datafield><datafield ind1=" " ind2=" " tag="215"><subfield code="a">XII, 588 p.</subfield><subfield code="d">23 cm</subfield></datafield><datafield ind1=" " ind2=" " tag="675"><subfield code="a">3-055.2:27"0030/1500"</subfield><subfield code="v">2med</subfield><subfield code="z">por</subfield></datafield><datafield ind1=" " ind2="1" tag="700"><subfield code="a">Schulenburg</subfield><subfield code="b">Jane Tibbetts</subfield></datafield><datafield ind1=" " ind2="0" tag="801"><subfield code="a">PT</subfield><subfield code="b">UCJPII</subfield><subfield code="g">RPC</subfield></datafield></record></collection>